Chis y garabís / (Registro nro. 8491)

Detalles MARC
000 -LIDER
fixed length control field 00781nam a22002537a 4500
003 - IDENTIFICACDOR DE NÚMERO DE CONTROL
control field DO-SdBNP
005 - DATE AND TIME OF LATEST TRANSACTION
control field 20180220151944.0
008 - ELEMENTOS DE LONGITUD FIJA
fixed length control field 151029b 1992 sp a ||||| |||| 00| 0 spa d
020 ## - ISBN
International Standard Book Number 8434822067
040 ## - FUENTE DE CATALOGACIÓN
Agencia que crea de manera original el registro BPMSU
Idioma de catalogación spa
Agencia que realiza la transcripción BPMSU
100 ## - ASIENTO PRINCIPAL -- NOMBRE PERSONAL
Nombre personal Bordons, Paloma
245 ## - MENCIÓN DE TITULO
Título Chis y garabís /
Mención de responsabilidad Paloma Bordons ; ilustraciones Ana López Escrivá
250 ## - MENCIÓN DE EDICION
Mención de edición 7a. ed.
260 ## - PUBLICACIÓN, DISTRIBUCIÓN, ETC. (PIE DE IMPRENTA)
Lugar de publicación, distribución, etc Madrid :
Nombre del editor, distribuidor, etc. SM,
Fecha de publicación, distribución, etc 1992.
300 ## - DESCRIPCIÓN FÍSICA
Extensión 117 p. :
Otros detalles físicos il.
Medida de la unidad 20 cm
490 0# - MENCIÓN DE SERIES
Mención de serie El barco de vapor
-- Serie Naranja
Volume/sequential designation 45
521 ## - TARGET AUDIENCE NOTE
Target audience note A partir de 9 años.
586 ## - AWARDS NOTE
Awards note Finalista del premio El barco de vapor, 1986
700 1# - ASIENTO SECUNDARIO -- NOMBRE PERSONAL
Nombre personal López Escrivá, Ana
Mención de responsabilidad il.
830 #0 - ASIENTO SECUNDARIO DE SERIE--TÍTULO UNIFORME
Título uniforme El barco de vapor
Nombre de la parte o sección de una obra Serie Naranja
Volume number/sequential designation 45
942 ## - ADDED ENTRY ELEMENTS (KOHA)
Source of classification or shelving scheme Dewey Decimal Classification
Koha item type Libros
945 ## - INFORMACIÓN DE PROCESAMIENTO LOCAL
Información de procesamiento local Inventariado, 2018/ YL
956 ## - LOCAL ELECTRONIC LOCATION AND ACCESS (OCLC)
Nombre de host daysi garcia
Existencias
Withdrawn status Lost status Source of classification or shelving scheme Damaged status Not for loan Collection code Home library Current library Date acquired Source of acquisition Total Checkouts Barcode Date last seen Price effective from Koha item type
    Dewey Decimal Classification     Colección Infantil General Biblioteca Pública Metropolitana Salomé Ureña Biblioteca Pública Metropolitana Salomé Ureña 02/20/2018 Donación   BPMSU18020209 02/20/2018 02/20/2018 Libros